| 000 | 00331nam a2200097Ia 4500 | ||
|---|---|---|---|
| 008 | 220120s9999||||xx |||||||||||||| ||und|| | ||
| 100 |
_aGururaj, R _912102 |
||
| 245 | 0 | _aDevelopment of software for HF radio using AODSP processor 2 | |
| 260 |
_aCoorg Institute of Technology _bPonnampet _c2007 |
||
| 650 | _aELECTRONICS AND COMMUNICATIONS | ||
| 999 |
_c137687 _d137687 |
||